Statistics for Riddles Quiz

Click here to take the quiz!

General Stats

  • This quiz has been taken 86 times
  • The average score is 6 of 15

Answer Stats

RiddleAnswer% Correct
Jack's father has five sons, Mic, Mac, Moc and Muc, what is the fifth ones namejack
93%
How much dirt is in a 12 by 4 and 6 metre deep holenone
84%
What gets wetter the more you drytowel
78%
What belongs to you but others use it more then you doyour name
55%
You can see me in water, but i never get wet. What am Ireflection
51%
Which word does not belong in the following list: Stop, cop, mop, chop, prop, shop or cropor
43%
The more there is the less you seeDarkness
40%
I'm the beginning of eternity and the ending of time and space, what am iletter e
40%
What is always coming but never comestomorrow
39%
What is easy to get into, but hard to get out oftrouble
34%
Where does death come before life, old before young and future before pastdictionary
31%
If an electric train was going south which way was the steam goingthere is no steam
24%
A seven letter word containing hundreds of lettersmailbox
19%
Which is heaviest, A tonne of bricks or a tonne of feathersthey are both the same
9%
There was a plane crash every single person died, Who survived.married couples
7%

Score Distribution

Percentile by Number Answered

Percent of People with Each Score

Your Score History

You have not taken this quiz